Planen und Bauen in der sowjetischen Besatzungszone und im Sowjetsektor von Berlin

Titel: Planen und Bauen in der sowjetischen Besatzungszone und im Sowjetsektor von Berlin / Bartho Plönies. Hrsg. vom Bundesministerium für Gesamtdt. Fragen
Verfasser:
Ausgabe: Ausg. A
Veröffentlicht: Bonn, 1953
Umfang: 127 S.
Format: Buch
Sprache: Deutsch
Schriftenreihe/
mehrbändiges Werk:
Bonner Berichte aus Mittel- und Ostdeutschland
RVK-Notation:
Kein Bild verfügbar
X
Lokale Klassifikation: 30 13 C
alg: 7159475
001A    $00004:23-03-99 
001B    $01999:18-10-24 $t18:43:15.000 
001C    $00077:06-05-08 $t16:57:31.000 
001D    $03004:20-10-08 
001U    $0utf8 
001X    $00 
002@    $0Aau 
003@    $0071594752 
003O    $065228638 $aOCoLC 
007A    $0071594752 $aHEB 
007T    $0Herdhh071594752 
010@    $ager 
011@    $a1953 
013H    $0z 
021A    $aPlanen und Bauen in der sowjetischen Besatzungszone und im Sowjetsektor von Berlin $hBartho Plönies. Hrsg. vom Bundesministerium für Gesamtdt. Fragen 
028A    $D20231015 $Ecgwrk $8Plönies, Bartho [Tp3] $9487727266 
032@    $aAusg. A 
033A    $pBonn 
034D    $a127 S. 
036G    $aBonner Berichte aus Mittel- und Ostdeutschland 
045F    $a330.09431 $eDDC23BSB 
045F/01 $a330.09 
045F/03 $g431 
045Z    $8QG 230 [Tkv] $9411126687 
045Z    $8MG 81910 [Tkv] $9410546399 

lok: 7159475 3

exp: 7159475 3 1 #EPN
201B/01 $014-02-13 $t07:55:41.000 
201C/01 $014-02-13 
201U/01 $0utf8 
203@/01 $0662832795 
206W/01 $0UB2-t0540936 
208@/01 $a14-02-13 $brAa 
209A/01 $aK 24/128 Anl. $du $f001 $x00 
209B/01 $aStUB-Retro-MW $x05 
209U/01 $qimage/gif $A2 $3Katalogkarte der UB Frankfurt $uhttp://resolver.hebis.de/retro/t0540936 $mV:DE-603;B:DE-30 
247C/01 $8601001-5 <30/1>Frankfurt, Universitätsbibliothek J. C. Senckenberg, Zentralbibliothek (ZB) $9229069630 

lok: 7159475 24
101B    $020-10-08 $t16:41:25.000 
101C    $020-10-08 
101U    $0utf8 
145Z/01 $a30 13 C 

exp: 7159475 24 1 #EPN
201B/01 $020-10-08 $t16:41:25.000 
201C/01 $020-10-08 
201U/01 $0utf8 
203@/01 $0559541104 
208@/01 $a20-10-08 $br 
209A/01 $a30 XIII C 5 $du $f050 $h30 13 C 5 $x00 
209C/01 $a215 G 57 $h57 0215 G 
209G/01 $a72283503 $x00 
220C/01 $agro 
247C/01 $8358050-7 Marburg, Bibliothek des Herder-Instituts Marburg $9102600961 

lok: 7159475 25

exp: 7159475 25 1 #EPN
201B/01 $006-05-08 $t16:57:31.000 
201C/01 $006-05-08 
201U/01 $0utf8 
203@/01 $0543277178 
206W/01 $0075-0207 
208@/01 $a06-05-08 $brum 
209A/01 $aAQ 7886 $du $f000 $x00 
209C/01 $a76 G 1276 
209G/01 $a42304201 $x00 
209G/01 $aMAG $x01 
247C/01 $8651000-0 <77>Mainz, Universität Mainz, Zentralbibliothek $9102599602 

lok: 7159475 78

exp: 7159475 78 1 #EPN
201B/01 $019-04-17 $t18:28:42.000 
201U/01 $0utf8 
203@/01 $0793510139 
208@/01 $a12-11-16 $be 
209A/01 $a/ $f000 $x00 
220C/01 $aAnmerkung: *ng 
237A/01 $aweiterführende Signatur(en): Herder-Institut: 30 XIII C 5 
244Z/01 $2Trx $8--Trx--Monographie $x01 $9391384546 
245Z/01 $a09.04 $x01 
247C/01 $82080>Marburg/Lahn, Herder-Institut, Forschungsbibliothek, Bibliographieportal $9336309341 

lok: 7159475 205

exp: 7159475 205 1 #EPN
201B/01 $020-08-19 $t12:37:30.000 
201C/01 $023-03-99 
201U/01 $0utf8 
203@/01 $0132424711 
208@/01 $a23-03-99 $br 
209A/01 $a001 NZN J 89750 $db $f000 $x00 
209B/01 $a97 $x05 
209C/01 $a1963.456 $h1963 456 
209G/01 $a55832757 $x00 
209G/01 $aFreihandbereich $x01 
220B/01 $aaltbik403 
247C/01 $8351000-1 <4>Marburg, Universität Marburg, Universitätsbibliothek $9102594767 

exp: 7159475 205 2 #EPN
201B/02 $010-12-25 $t13:00:47.000 
201C/02 $009-09-15 
201U/02 $0utf8 
203@/02 $075942747X 
208@/02 $a09-09-15 $br 
209A/02 $a030 FVL D 16/2 $du $f000 $x00 
209B/02 $a97 $x05 
209C/02 $a138 
247C/02 $8351000-1 <4>Marburg, Universität Marburg, Universitätsbibliothek $9102594767
LEADER 00000cam a2200000 c 4500
001 071594752
003 DE-603
005 20241018184315.0
007 tu
008 990323s1953 xx |||| | u00||u|ger c
035 |a (DE-599)HEB071594752 
035 |a (OCoLC)65228638 
040 |a DE-603  |b ger  |c DE-603  |d DE-603 
041 |a ger 
082 0 4 |8 1\u  |a 330.09431  |q DE-101  |2 23/BSB 
084 |a QG 230  |0 (DE-625)141475:  |0 (DE-603)411126687  |2 rvk 
084 |a MG 81910  |0 (DE-625)122864:12222  |0 (DE-603)410546399  |2 rvk 
085 |8 1\u  |b 330.09 
085 |8 1\u  |z 2  |s 431 
100 1 |a Plönies, Bartho  |0 (DE-603)487727266  |0 (DE-588)1245822802  |2 gnd 
245 0 0 |a Planen und Bauen in der sowjetischen Besatzungszone und im Sowjetsektor von Berlin  |c Bartho Plönies. Hrsg. vom Bundesministerium für Gesamtdt. Fragen 
250 |a Ausg. A 
264 1 |a Bonn  |c 1953 
300 |a 127 S. 
490 0 |a Bonner Berichte aus Mittel- und Ostdeutschland 
924 0 |9 30/1  |a (DE-603)662832795  |b DE-30-1  |c HES  |d c  |g K 24/128 Anl. 
924 0 |9 Mb 50  |a (DE-603)559541104  |b DE-Mb50  |c HES  |d c  |g 30 XIII C 5 
924 0 |9 77  |a (DE-603)543277178  |b DE-77  |c HES  |d c  |g AQ 7886  |h MAG 
924 0 |9 2080  |a (DE-603)793510139  |b DE-2080  |c HES  |d d  |g / 
924 0 |9 4  |a (DE-603)132424711  |b DE-4  |c HES  |d c  |g 001 NZN J 89750  |h Freihandbereich 
924 0 |9 4  |a (DE-603)75942747X  |b DE-4  |c HES  |d c  |g 030 FVL D 16/2